Normovanie výrobných operácií a zvyšovanie kapacity výrobnej linky

Guardado en:
Detalles Bibliográficos
Autor principal: Praskač, Martin (Autor)
Otros Autores: Vojtko, Andrej (Orientador)
Formato: Manuscrito Libro
Lenguaje:eslovaco
Publicado: 2021
Materias:
Acceso en línea:http://is.stuba.sk/zp/portal_zp.pl?podrobnosti=159506
Etiquetas: Agregar Etiqueta
Sin Etiquetas, Sea el primero en etiquetar este registro!

MARC

LEADER 00000ntm a22000003a 4500
001 stuzp85038
003 SK-STU
005 20210703212810.5
007 ta
008 150427s2015----xo-----f-mn---000-0-slo-d
040 |a STU  |b slo 
041 0 |a slo 
100 1 |a Praskač, Martin  |u 063000  |4 aut  |U MTF Materiálovotechnologická fakulta  |T MTF Ústav výrobných technológií  |X 99631  |U M3000  |Y 83  |7 99631 
242 0 1 |a Assembly process time study and production line capacity increase  |y eng 
245 1 0 |a Normovanie výrobných operácií a zvyšovanie kapacity výrobnej linky 
260 |c 2021 
650 4 |a normovať  |2 slo 
650 4 |a zvyšovať kapacitu linky  |2 slo 
650 4 |a analyzovať  |2 slo 
650 4 |a merať časy  |2 slo 
650 4 |a upravovať  |2 slo 
650 4 |a standardize  |2 eng 
650 4 |a analyze  |2 eng 
650 4 |a measure times  |2 eng 
650 4 |a modify  |2 eng 
650 4 |a increase line capacity  |2 eng 
700 1 |a Vojtko, Andrej  |4 ths  |X 95057  |7 95057 
856 4 |u http://is.stuba.sk/zp/portal_zp.pl?podrobnosti=159506 
996 |c M* BP-9186  |l MMSKP  |s P  |a 0  |w stuzp85038_0001